Akzambaklar ülkesi Finlandiya'da (Record no. 11915)

MARC details
000 -BAŞLIK
Sabit Uzunlukta Kontrol Alanı 00620na a2200217 4500
001 - KONTROL NUMARASI
Denetim Alanı 24369
003 - KONTROL NUMARASI IDENTIFIER
Denetim Alanı MIRAKIL
005 - SON İŞLEM TARİHİ VE ZAMANI
Denetim Alanı 20181226104237.0
008 - SABİT-BOY VERİ ELEMANLARI - GENEL BİLGİLER
Sabit Uzunlukta Kontrol Alanı 180928b tu 000 0
041 ## - DİL KODU
Metin / Ses Parça Veya Ayrı Başlığın Dil Kodu tur
082 ## - DEWEY ONLU SINIFLANDIRMA NUMARASI
Sınıflandırma Numarası 947.1
Ürün Numarası P37a 1976
090 ## - SINIFLAMA NUMARASI
Sınıflama Numarası 947.1 P37a 1976
100 ## - ANA GİRİŞ - KİŞİSEL İSİM
Kişisel Ad Petrov, Grigoriy
245 ## - BAŞLIK TABLOSU
Başlık Akzambaklar ülkesi Finlandiya'da
Sorumluluk Tablosu, Vb Grigoriy Petrov ;çeviren :Hasip Ahmet Aytuna
260 ## - YAYIN, DAĞITIM, VB
Yayın, Dağıtım, Vb Yeri İstanbul
Yayıncı, Dağıtıcı, Vs Adı İnkılap Kitabevi
-- Aka Kitabevi
Yayın, Dağıtım, Vb Tarihi 1976
300 ## - FİZİKSEL TANIM
Kapsam 381 s.
Boyutlar 17 sm.
650 ## - KONU KATMA GİRİŞ - TOPİKAL DÖNEM
Topikal Süreli Veya Coğrafi Ad Giriş Elemanı Finlandiya
Genel Alt Bölümü Tarih
700 ## - KATMA GİRİŞ - KİŞİSEL İSİM
Kişisel Ad Aytuna, Hasip Ahmet
942 ## - EKLENDİ GİRİŞ ELEMANLARI (KOHA)
Sınıflandırma Veya Raf Düzeni Kaynak Dewey Decimal Classification
Koha Öğesi Türü Books
040 ## - KATALOGLAMA KAYNAK
Orijinal Kataloglama Ajansı Milas
Kataloglama Dili tur
Metne Dönüştürmek Ajansı TR-AnCHP
999 ## - SİSTEM KONTROL NUMARALARI (KOHA)
Koha Biblionumber 11915
Koha Biblioitemnumber 11915
Holdings
Kullanım Kısıtlamaları Kalıcı Konum Mevcut Konum Edinme Tarihi Toplam Check-Out'Lar Tam Çağrı Numarası Barkod Tarih Son Görülme İtibaren Geçerli Fiyatlar Sigara Kamu Notu Koha Öğesi Türü
  Parti Okulu Kütüphanesi Parti Okulu Kütüphanesi 09/28/2018   947.1 P37a 1976 P00131 09/28/2018 09/28/2018 Books